[Event "Sparkassen-Open B"]
[Site "Heusenstamm, Martinsee"]
[Date "2023.11.23"]
[Round "1.1"]
[White "Klein, Raphael"]
[Black "Hensel, Roman"]
[Result "0-1"]
[WhiteElo "1458"]
[BlackElo "1474"]
[PlyCount "56"]
[EventDate "2023.??.??"]
[WhiteTeam "SV 1926 Riegelsberg"]
[BlackTeam "SV Oberursel"]

1. d4 d5 2. Nf3 Nf6 3. g3 g6 4. Bg2 c6 5. c4 Bg7 6. Bf4 O-O 7. Nbd2 Nbd7 8. Ne5 Nh5 9. Nxd7 Nxf4 10. Nxf8 Nxg2+ 11. Kf1 Bh3 12. Kg1 Bxd4 13. Nf3 Bc5 14. b4 Bxb4 15. Nxh7 f6 16. Nxf6+ exf6 17. Qb1 Qe7 18. Qxg6+ Qg7 19. Qxg7+ Kxg7 20. Rb1 a5 21. cxd5 c5 22. a3 Bxa3 23. Rxb7+ Kg6 24. Nd2 Re8 25. e4 Bb4 26. Nf1 Rxe4 27. d6 Ne1 28. Ne3 Nf3# 0-1

[Event "Sparkassen-Open B"]
[Site "Heusenstamm, Martinsee"]
[Date "2023.11.23"]
[Round "1.2"]
[White "Karres, David Tobias"]
[Black "Huck, Robert"]
[Result "0-1"]
[WhiteElo "1450"]
[BlackElo "1781"]
[PlyCount "54"]
[EventDate "2023.??.??"]
[WhiteTeam "SF Heidelberg"]
[BlackTeam "SC Königsspringer Alzenau e.V"]

1. e4 e5 2. Nc3 Bc5 3. f4 d6 4. Nf3 Nc6 5. Bb5 Nge7 6. Na4 a6 7. Bxc6+ Nxc6 8. Nxc5 dxc5 9. d3 Qe7 10. f5 g6 11. g4 Bd7 12. b3 O-O-O 13. f6 Qf8 14. h3 h5 15. g5 Be6 16. Bb2 c4 17. Nxe5 Nxe5 18. Bxe5 cxd3 19. cxd3 Qc5 20. Bf4 Qd4 21. Rc1 Rd7 22. Qc2 Bxh3 23. Qe2 Be6 24. Qe3 Qxe3+ 25. Bxe3 Rxd3 26. Ke2 Rhd8 27. Rhd1 Bg4+ 0-1

[Event "Sparkassen-Open B"]
[Site "Heusenstamm, Martinsee"]
[Date "2023.11.23"]
[Round "1.3"]
[White "Mönch, Dorothée"]
[Black "Goodwin, David"]
[Result "1-0"]
[WhiteElo "1736"]
[BlackElo "1469"]
[PlyCount "55"]
[EventDate "2023.??.??"]
[WhiteTeam "Sfr.Mainz 1928"]
[BlackTeam "SV 1920 Kelsterbach"]

1. e4 g6 2. d4 Bg7 3. c3 d6 4. Be3 Nd7 5. Nf3 a6 6. Be2 b5 7. Nbd2 Bb7 8. Qc2 Ngf6 9. h3 Rc8 10. g4 e5 11. g5 Nh5 12. a4 c6 13. h4 Nf4 14. Bxf4 exf4 15. h5 h6 16. hxg6 fxg6 17. gxh6 Rxh6 18. Rxh6 Bxh6 19. e5 Nf8 20. Bd3 Qe7 21. O-O-O Kd8 22. Bxg6 c5 23. exd6 Qxd6 24. Ne5 Bd5 25. Bf5 Rc7 26. Ne4 Bxe4 27. Qxe4 Qe7 28. Qa8+ 1-0

[Event "Sparkassen-Open B"]
[Site "Heusenstamm, Martinsee"]
[Date "2023.11.23"]
[Round "1.4"]
[White "Naghizade, Farid"]
[Black "Steinbrenner, Peter"]
[Result "0-1"]
[WhiteElo "1468"]
[BlackElo "1718"]
[PlyCount "74"]
[EventDate "2023.??.??"]
[WhiteTeam "SC Heusenstamm"]
[BlackTeam "SG Kaiserslautern 1905"]

1. d4 Nf6 2. c4 e6 3. Nc3 d5 4. e3 Bb4 5. a3 Bxc3+ 6. bxc3 O-O 7. Bd3 c5 8. Nf3 Qc7 9. Qc2 Nbd7 10. O-O b6 11. cxd5 c4 12. Be4 Nxe4 13. Qxe4 Bb7 14. Qh4 exd5 15. Re1 Rfe8 16. a4 Bc6 17. Nd2 Re6 18. e4 dxe4 19. Nxe4 Rae8 20. f3 Qb7 21. Bd2 Bxe4 22. Rxe4 Rxe4 23. fxe4 Rxe4 24. Qd8+ Nf8 25. Re1 Rxe1+ 26. Bxe1 Qd7 27. Bh4 Qxd8 28. Bxd8 Ne6 29. Be7 Nf4 30. Kf1 Nd5 31. Bb4 Nxb4 32. cxb4 Kf8 33. Ke2 Ke7 34. Kd2 Kd6 35. b5 f5 36. h4 Kd5 37. Kc3 f4 0-1

[Event "Sparkassen-Open B"]
[Site "Heusenstamm, Martinsee"]
[Date "2023.11.23"]
[Round "1.5"]
[White "Michalski, Uwe"]
[Black "Bär, Christian"]
[Result "1-0"]
[WhiteElo "1677"]
[BlackElo "1467"]
[PlyCount "33"]
[EventDate "2023.??.??"]
[WhiteTeam "Sfr.Mainz 1928"]
[BlackTeam "SC Steinbach"]

1. e4 e5 2. Bc4 Nc6 3. f4 exf4 4. Nf3 Be7 5. O-O d6 6. d4 Nf6 7. Nc3 Bg4 8. Bxf4 O-O 9. a4 Nd7 10. Qd2 Bxf3 11. Rxf3 Bf6 12. Be3 Qe7 13. Raf1 a6 14. Rh3 g6 15. Nd5 Qxe4 16. Rxf6 Nxf6 17. Nxf6+ 1-0

[Event "Sparkassen-Open B"]
[Site "Heusenstamm, Martinsee"]
[Date "2023.11.23"]
[Time "17:00:00"]
[Round "1.6"]
[PlyCount "93"]
[White "W hl, Torsten"]
[Black "Bardorz, Christoph"]
[Result "1/2-1/2"]
[WhiteElo "1463"]
[BlackElo "1713"]
[WhiteTeam "SC Gro -Zimmern"]
[BlackTeam "TSV 1869 Rottendorf"]

 1. d4 Nf6 2. Bf4 d5 3. e3 Bf5 4. Nd2 e6 5. c4 Bd6 6. Bg3 c6 7. Qb3 b6 8. Ngf3 Bxg3 9. hxg3 Nbd7 10. Nh4 Bg6 11. Nxg6 fxg6 12. Bd3 Rf8 13. Nf3 Qe7 14. Qa4 Qd6 15. g4 dxc4 16. Qxc4 Ke7 17. g5 Nd5 18. O-O-O Rh8 19. Kb1 Rac8 20. Nh4 Nf8 21. g3 Kd7 22. Nf3 Ke8 23. Ne5 Ne7 24. Be4 h5 25. Rc1 a5 26. Qa6 Qb8 27. Qe2 Qd6 28. Qf3 Rg8 29. Rc2 Nd7 30. Bxc6 Rxc6 31. Rxc6 Nxe5 32. dxe5 Qd3+ 33. Rc2 Rf8 34. Qa8+ Kf7 35. Qb7 Kg8 36. Qxe7 Rxf2 37. Qxe6+ Kh7 38. Rhc1 Rf5 39. Ka1 Qxe3 40. Rc8 Rf8 41. R8c3 Qxg5 42. Qxb6 Qxe5 43. a3 Qg5 44. Qd6 Rf3 45. Rxf3 Qxc1+ 46. Ka2 Qc4+ 47. Ka1
 1/2-1/2

[Event "Sparkassen-Open B"]
[Site "Heusenstamm, Martinsee"]
[Date "2023.11.23"]
[Round "1.7"]
[White "Bauer, Ottmar"]
[Black "Dick, Markus"]
[Result "1/2-1/2"]
[WhiteElo "1713"]
[BlackElo "1408"]
[PlyCount "83"]
[EventDate "2023.??.??"]
[WhiteTeam "TSV 1869 Rottendorf"]
[BlackTeam "SV 1934 Ffm-Griesheim"]

1. e4 e5 2. Nf3 Nc6 3. Bb5 f5 4. Nc3 fxe4 5. Nxe4 d5 6. Nc3 Bg4 7. h3 Bxf3 8. Qxf3 Nf6 9. d3 a6 10. Ba4 h6 11. O-O Bc5 12. Qg3 Qe7 13. Re1 Bd6 14. Bb3 d4 15. Qg6+ Kd7 16. Nd5 Nxd5 17. Bxd5 Rhf8 18. Qg4+ Kd8 19. a3 Qf6 20. Re2 Rb8 21. Bd2 Ne7 22. Be4 g5 23. Rae1 c6 24. c3 c5 25. b4 b6 26. c4 Bc7 27. Rb1 Nf5 28. bxc5 bxc5 29. Rxb8+ Bxb8 30. Ba5+ Bc7 31. Bxc7+ Kxc7 32. Rb2 Nd6 33. Bd5 Qf5 34. Qxf5 Rxf5 35. Re2 Kd7 36. g4 Rf8 37. Rxe5 Re8 38. Rxe8 Nxe8 39. Kg2 Nf6 40. Bf3 Kd6 41. Kg3 Ke5 42. Bc6 1/2-1/2

[Event "Sparkassen-Open B"]
[Site "Heusenstamm, Martinsee"]
[Date "2023.11.23"]
[Round "1.8"]
[White "Filis, Fotios"]
[Black "Himmelspacht, Maxim"]
[Result "0-1"]
[WhiteElo "1072"]
[BlackElo "1574"]
[PlyCount "120"]
[EventDate "2023.??.??"]
[WhiteTeam "SV 1920 Hofheim"]
[BlackTeam "SK 1858 Gießen"]

1. d4 e6 2. Nc3 d5 3. e4 Nf6 4. e5 Nfd7 5. Nf3 c5 6. Be3 cxd4 7. Bxd4 a6 8. Be2 Nc6 9. O-O Be7 10. Re1 Qc7 11. Bf1 O-O 12. Qd2 b5 13. Qe3 Bb7 14. Rac1 Bb4 15. a3 Nxd4 16. Qxd4 Bxc3 17. Qxc3 Qxc3 18. bxc3 Nb6 19. Rcd1 Rac8 20. Re3 Rc7 21. Bd3 Rfc8 22. Nd4 Rxc3 23. f4 g6 24. Nb3 Nc4 25. Bxc4 R8xc4 26. Rxc3 Rxc3 27. Rd2 Bc8 28. Kf2 Rc4 29. g3 Ra4 30. Rd3 Kf8 31. Rc3 Rc4 32. Rxc4 bxc4 33. Nc5 Ke7 34. Ke3 Kd8 35. Kd4 Kc7 36. Kc3 Kb6 37. Na4+ Kb5 38. Nb2 Bd7 39. g4 Kc5 40. Nd1 h6 41. Nf2 d4+ 42. Kb2 Kd5 43. Kc1 Be8 44. h4 h5 45. g5 Bb5 46. Kd2 Ba4 47. Kc1 a5 48. Kd2 Bb5 49. c3 dxc3+ 50. Kxc3 Ba4 51. Kd2 Kd4 52. Kc1 Ke3 53. Nd1+ Bxd1 54. Kxd1 Kxf4 55. Kd2 Kxe5 56. Kc3 Kd5 57. a4 e5 58. Kd2 Kd4 59. Kc2 e4 60. Kd2 e3+ 0-1

[Event "Sparkassen-Open B"]
[Site "Heusenstamm, Martinsee"]
[Date "2023.11.23"]
[Round "1.9"]
[White "Steinke, Hans-Jörg"]
[Black "Moldenhauer, Nils"]
[Result "1/2-1/2"]
[WhiteElo "1701"]
[BlackElo "1453"]
[PlyCount "61"]
[EventDate "2023.??.??"]
[WhiteTeam "SV Erkenschwick 1923 e"]
[BlackTeam "SV Oberursel"]

1. d4 d5 2. c4 e6 3. Nc3 Nf6 4. Bg5 Be7 5. e3 O-O 6. Rc1 Nbd7 7. Nf3 c5 8. cxd5 Nxd5 9. Bxe7 Nxe7 10. Bd3 Qc7 11. O-O b6 12. Be4 Bb7 13. Nb5 Qb8 14. Bb1 Bc6 15. Nc3 Rd8 16. Qc2 Ng6 17. Nh4 cxd4 18. Nxg6 hxg6 19. exd4 Nf6 20. Rcd1 Qc7 21. f3 Rac8 22. Qe2 Nd5 23. Rc1 Qd7 24. Rfd1 Ne7 25. Be4 Nf5 26. Bxf5 gxf5 27. Qe3 Qe7 28. a3 Rd7 29. d5 Bb7 30. dxe6 fxe6 31. Re1 1/2-1/2

[Event "Sparkassen-Open B"]
[Site "Heusenstamm, Martinsee"]
[Date "2023.11.23"]
[Round "1.10"]
[White "Schmidt, Moritz"]
[Black "Haftmann, Rainer"]
[Result "0-1"]
[WhiteElo "1453"]
[BlackElo "1698"]
[PlyCount "120"]
[EventDate "2023.??.??"]
[WhiteTeam "SV 1920 Plettenbe"]
[BlackTeam "SAbt SG 1945 Dietzenbach"]

1. e4 e5 2. Nf3 Nc6 3. Bc4 Be7 4. d4 d6 5. h3 Nf6 6. Nc3 O-O 7. O-O Nxd4 8. Nxd4 exd4 9. Qxd4 a6 10. a4 Be6 11. Bd3 c5 12. Qe3 c4 13. Be2 Nd7 14. Nd5 Bxd5 15. exd5 Rc8 16. Qe4 b5 17. axb5 axb5 18. b3 Bf6 19. Ra7 Re8 20. Qf3 Ne5 21. Qf5 Ng6 22. Bg4 Rc7 23. Rxc7 Qxc7 24. bxc4 bxc4 25. Ba3 Be5 26. Qf3 Nh4 27. Qd1 f5 28. Be2 Ng6 29. Bb4 Nf4 30. Bf3 c3 31. Re1 Rb8 32. Ba3 Re8 33. Bc1 Qc4 34. Bxf4 Qxf4 35. g3 Qh6 36. Bg2 Qd2 37. Qe2 Rb8 38. Bf1 Qxe2 39. Rxe2 Kf7 40. Re3 g5 41. Bc4 f4 42. gxf4 gxf4 43. Re2 Rg8+ 44. Kf1 Rg5 45. Re1 Kf6 46. Rd1 h5 47. Rd3 h4 48. Bb3 Rg7 49. Ke2 Kf5 50. Rd1 Ke4 51. f3+ Kf5 52. Rh1 Rg2+ 53. Kf1 Rd2 54. Ke1 Bd4 55. Ba2 Bf2+ 56. Kf1 Bg3 57. Bb3 Ke5 58. Rg1 Kd4 59. Rh1 Ke3 60. Rg1 Kxf3 0-1

[Event "Sparkassen-Open B"]
[Site "Heusenstamm, Martinsee"]
[Date "2023.11.23"]
[Round "1.11"]
[White "Reinhold, Günther"]
[Black "Maibaum, Harry"]
[Result "1/2-1/2"]
[WhiteElo "1665"]
[BlackElo "1450"]
[PlyCount "101"]
[EventDate "2023.??.??"]
[WhiteTeam "Sabt Frankfurter TV 1860"]
[BlackTeam "Sfr.Heimersheim"]

1. d4 Nf6 2. Nc3 d5 3. Bf4 e6 4. Nb5 Na6 5. e3 c6 6. Nc3 Nc7 7. Nf3 Bd6 8. Ne5 O-O 9. Bd3 Nd7 10. Nxd7 Qxd7 11. Bxd6 Qxd6 12. O-O b6 13. Ne2 Ba6 14. Rc1 Bxd3 15. Qxd3 Ne8 16. c4 Nf6 17. Ng3 Rfc8 18. a3 Qd8 19. b4 a5 20. b5 c5 21. Rfd1 h6 22. a4 Qe7 23. Qa3 Qf8 24. f3 cxd4 25. Qxf8+ Kxf8 26. Rxd4 Rc5 27. Ne2 Rac8 28. e4 Rxc4 29. Rdxc4 Rxc4 30. Rxc4 dxc4 31. Kf2 Nd7 32. Ke3 Nc5 33. Nc3 Nb3 34. e5 Ke7 35. Ke4 f5+ 36. exf6+ gxf6 37. f4 Kd6 38. g4 Nd2+ 39. Kd4 Nf3+ 40. Kxc4 Nxh2 41. Ne4+ Ke7 42. Nf2 Nf3 43. Ne4 Nh4 44. Kd3 f5 45. gxf5 exf5 46. Ng3 Kd6 47. Kc4 Ke6 48. Nh5 Kd6 49. Kd4 Ng6 50. Ng7 Ne7 51. Kc4 1/2-1/2

[Event "Sparkassen-Open B"]
[Site "Heusenstamm, Martinsee"]
[Date "2023.11.23"]
[Round "1.12"]
[White "Grünzig, Matthias"]
[Black "Ahrens, Gunnar"]
[Result "0-1"]
[WhiteElo "1439"]
[BlackElo "1661"]
[PlyCount "158"]
[EventDate "2023.??.??"]
[WhiteTeam "FV Berkersheim"]
[BlackTeam "Delmenhorster SK V 1931"]

1. d4 Nc6 2. Bf4 d5 3. e3 Bf5 4. Bd3 Bxd3 5. Qxd3 e6 6. c3 Nge7 7. Nf3 Ng6 8. Bg3 Be7 9. Nbd2 O-O 10. O-O a5 11. Rac1 Qd7 12. Qb5 Ra6 13. Qa4 Rb8 14. Qc2 b5 15. b3 Ba3 16. Rb1 Rc8 17. h3 Bd6 18. Bh2 Nce7 19. Qd3 c5 20. Bxd6 c4 21. bxc4 bxc4 22. Qc2 Qxd6 23. Rb5 Rb8 24. Rxb8+ Qxb8 25. Rb1 Rb6 26. Rxb6 Qxb6 27. Qb1 Nc8 28. Qxb6 Nxb6 29. Nb1 Ne7 30. g4 Nc6 31. Nfd2 Na4 32. Nf1 Na7 33. Ng3 Nb5 34. Ne2 Kf8 35. f4 Nb2 36. Kf2 a4 37. Kf3 Nd1 38. h4 g6 39. g5 Kg7 40. e4 f6 41. e5 fxe5 42. fxe5 Kf7 43. Kg2 Ke7 44. Kf1 Ne3+ 45. Kf2 Nf5 46. Kf3 Nxh4+ 47. Kf4 Ng2+ 48. Kf3 Ne1+ 49. Kg3 Nd3 50. Kf3 Kf7 51. Kg4 Kg7 52. Kh4 Nf2 53. Nf4 Kf7 54. Ne2 Ne4 55. Kg4 Kg7 56. Kh4 h6 57. gxh6+ Kxh6 58. Kh3 g5 59. Kg4 Kg6 60. Kf3 Kf5 61. Kg2 Kg4 62. Kh2 Kf3 63. Ng1+ Ke3 64. Kg2 g4 65. Kf1 Nexc3 66. Nxc3 Nxc3 67. Ke1 a3 68. Kf1 Kxd4 69. Ke1 Ke3 70. Kf1 d4 71. Kg2 d3 72. Kg3 d2 73. Kh2 d1=Q 74. Kg2 Ne2 75. Nh3 g3 76. Nf4 Nxf4+ 77. Kxg3 Ng6 78. Kg2 Qf3+ 79. Kg1 Nh4 0-1

[Event "Sparkassen-Open B"]
[Site "Heusenstamm, Martinsee"]
[Date "2023.11.23"]
[Round "1.13"]
[White "Lasschuit, Rene"]
[Black "Longerich, Hans-Peter"]
[Result "1-0"]
[WhiteElo "1614"]
[BlackElo "1431"]
[PlyCount "71"]
[EventDate "2023.??.??"]
[WhiteTeam "SV Berolina Mitte e.V."]
[BlackTeam "SC Bayer Leverkusen e. V"]

1. Nf3 d5 2. c4 c6 3. b3 Nf6 4. Bb2 Bf5 5. g3 e6 6. Bg2 Be7 7. O-O O-O 8. d3 Nbd7 9. Nbd2 Re8 10. Re1 Rb8 11. e4 dxe4 12. dxe4 Bg6 13. e5 Ng4 14. h3 Nh6 15. Ne4 Bxe4 16. Rxe4 Nc5 17. Rd4 Qb6 18. g4 Rbd8 19. Qe2 Qc7 20. Rad1 Nd7 21. Nd2 Nf8 22. Ne4 Rxd4 23. Rxd4 Rd8 24. Qd2 Ng6 25. Rxd8+ Bxd8 26. Qd6 Qc8 27. Qc5 Bb6 28. Qd6 Bc7 29. Qc5 Bb6 30. Qa3 Qd7 31. Nd6 Nf4 32. c5 Bc7 33. Qxa7 Nxg2 34. Kxg2 Bxd6 35. cxd6 g6 36. Qb8+ 1-0

[Event "Sparkassen-Open B"]
[Site "Heusenstamm, Martinsee"]
[Date "2023.11.23"]
[Round "1.14"]
[White "Herdt, Werner"]
[Black "Hübner, Kai"]
[Result "0-1"]
[WhiteElo "1421"]
[BlackElo "1608"]
[PlyCount "66"]
[EventDate "2023.??.??"]
[WhiteTeam "SF Heusenstamm"]
[BlackTeam "SC Flörsheim 1921"]

1. d4 f5 2. c4 e6 3. Nf3 Nf6 4. Nc3 Be7 5. g3 O-O 6. Bg2 Ne4 7. O-O Nc6 8. a3 a5 9. Nxe4 fxe4 10. Ne5 d5 11. Nxc6 bxc6 12. Qc2 Bf6 13. Be3 Ba6 14. c5 a4 15. Rfe1 Qe8 16. Qxa4 Bxe2 17. Qc2 Bd3 18. Qc3 Qh5 19. Bf1 Bxf1 20. Rxf1 e5 21. f3 exd4 22. Bxd4 Bxd4+ 23. Qxd4 Rxf3 24. Rxf3 Qxf3 25. Qf2 Qxf2+ 26. Kxf2 Kf7 27. Ke3 Ke6 28. Kd4 Rf8 29. b4 Rf3 30. Rd1 Rxa3 31. g4 Rb3 32. h4 Rxb4+ 33. Ke3 Rc4 0-1

[Event "Sparkassen-Open B"]
[Site "Heusenstamm, Martinsee"]
[Date "2023.11.23"]
[Round "1.15"]
[White "Kupke, Jonas"]
[Black "Brunner, Andreas"]
[Result "1/2-1/2"]
[WhiteElo "1438"]
[BlackElo "1414"]
[PlyCount "76"]
[EventDate "2023.??.??"]
[WhiteTeam "Wiesbadener SV 1885"]
[BlackTeam "FV Berkersheim"]

1. e4 e6 2. d4 d5 3. e5 c5 4. c3 Bd7 5. Nf3 cxd4 6. cxd4 Nc6 7. Nc3 a6 8. Bd3 Be7 9. O-O Rc8 10. Re1 b5 11. Bf4 Nb4 12. Bb1 Qb6 13. h4 Nc6 14. h5 Na5 15. Bd3 Nc6 16. Rc1 Nb4 17. Bb1 Nc6 18. Qd2 Na5 19. h6 g6 20. Bd3 Nc4 21. Qe2 Bf8 22. b3 Na3 23. Qb2 Rb8 24. b4 Nc4 25. Bxc4 bxc4 26. a3 Bxh6 27. Bxh6 Nxh6 28. Qd2 Nf5 29. g4 Ne7 30. Qh6 Rf8 31. Ng5 Qxd4 32. Nxh7 Qxg4+ 33. Kf1 Kd8 34. Qxf8+ Kc7 35. Qxe7 Qh3+ 36. Kg1 Qg4+ 37. Kf1 Qh3+ 38. Kg1 Qg4+ 1/2-1/2

[Event "Sparkassen-Open B"]
[Site "Heusenstamm, Martinsee"]
[Date "2023.11.23"]
[Round "1.16"]
[White "Rempe, Lennik"]
[Black "Welther, Patrick"]
[Result "1/2-1/2"]
[WhiteElo "1321"]
[BlackElo "1420"]
[PlyCount "29"]
[EventDate "2023.??.??"]
[WhiteTeam "SK Doppelbauer Kiel von 1910 e.V"]
[BlackTeam "SC 1934 Gelnhausen"]

1. e4 d6 2. d4 Nf6 3. Nc3 g6 4. Nf3 Bg7 5. Be3 O-O 6. Be2 Nbd7 7. O-O h6 8. Qd2 Kh7 9. e5 dxe5 10. dxe5 Ng4 11. Rad1 Nxe3 12. Qxe3 c6 13. e6 fxe6 14. Qxe6 Rf6 15. Qe3 1/2-1/2

[Event "Sparkassen-Open B"]
[Site "Heusenstamm, Martinsee"]
[Date "2023.11.23"]
[Round "1.17"]
[White "Bengsch, Norbert"]
[Black "Joshi, Kanad"]
[Result "0-1"]
[WhiteElo "1604"]
[BlackElo "1412"]
[PlyCount "58"]
[EventDate "2023.??.??"]
[WhiteTeam "SG Donautal Tuttlingen"]
[BlackTeam "SV Oberursel"]

1. e4 e5 2. Nf3 Nc6 3. c3 d6 4. Bc4 Be7 5. Qb3 Nh6 6. d4 Na5 7. Qa4+ c6 8. Be2 exd4 9. cxd4 Be6 10. Bd2 Nc4 11. Bxc4 b5 12. Bxb5 cxb5 13. Qxb5+ Bd7 14. Qd3 Rb8 15. Bc3 O-O 16. Nbd2 Bb5 17. Qc2 d5 18. e5 f6 19. Nb3 Nf7 20. O-O-O fxe5 21. dxe5 Ng5 22. Nbd4 Bd7 23. h4 Ne4 24. Rd3 Bc5 25. e6 Bxd4 26. Rxd4 Bxe6 27. Re1 Bf5 28. Ng5 Nxc3 29. Qxc3 Rc8 0-1

[Event "Sparkassen-Open B"]
[Site "Heusenstamm, Martinsee"]
[Date "2023.11.23"]
[Round "1.18"]
[White "Koch, Mika Jonas"]
[Black "Fernandez Garcia, Alfonso Javier"]
[Result "0-1"]
[WhiteElo "1412"]
[BlackElo "1600"]
[PlyCount "82"]
[EventDate "2023.??.??"]
[WhiteTeam "SK Marburg 1931/72"]
[BlackTeam "SV 1926 Neu-Isenburg"]

1. Nf3 Nf6 2. Nc3 g6 3. e4 d6 4. Bc4 Bg7 5. d3 O-O 6. Be3 Nbd7 7. h3 c6 8. a4 a5 9. Qd2 e5 10. O-O Nb6 11. Bh6 Nxc4 12. dxc4 Qe7 13. Bxg7 Kxg7 14. Qe3 Nd7 15. Rfd1 Nc5 16. Nd2 Be6 17. Rab1 f5 18. b4 axb4 19. Rxb4 f4 20. Qe2 Qc7 21. Rdb1 Ra7 22. R4b2 Rb8 23. Ra1 Rba8 24. Rab1 Bc8 25. Rd1 Nxa4 26. Nxa4 Rxa4 27. Nb3 Be6 28. c5 d5 29. Nd2 d4 30. Kh2 R4a5 31. Rdb1 Rb8 32. Nb3 Bxb3 33. Rxb3 Rxc5 34. Qd3 b5 35. c4 Qd7 36. cxb5 Rcxb5 37. Rxb5 Rxb5 38. Rc1 c5 39. Qc4 Ra5 40. Rb1 Qf7 41. Qd3 c4 0-1

[Event "Sparkassen-Open B"]
[Site "Heusenstamm, Martinsee"]
[Date "2023.11.23"]
[Round "1.19"]
[White "Lopez Fuertes, Victor"]
[Black "Baumgart, Jost"]
[Result "1-0"]
[WhiteElo "1614"]
[BlackElo "1411"]
[PlyCount "53"]
[EventDate "2023.??.??"]
[WhiteTeam "SC 1910 Höchst"]
[BlackTeam "SK Marburg 1931/72"]

1. e4 e5 2. Nf3 Nc6 3. d4 exd4 4. Nxd4 Bc5 5. Nxc6 dxc6 6. Qxd8+ Kxd8 7. c3 Nf6 8. f3 Be6 9. Nd2 b5 10. Nb3 Bb6 11. Nd4 Bxd4 12. cxd4 Ke7 13. Be3 Rhd8 14. Be2 a6 15. O-O Rd7 16. Rfc1 Ne8 17. Rxc6 Rd6 18. Rxd6 Nxd6 19. b3 c6 20. Rc1 Rc8 21. Bd2 Kd7 22. Kf2 a5 23. d5 cxd5 24. Rxc8 Kxc8 25. e5 Nb7 26. Bxb5 Kc7 27. Ba6 1-0

[Event "Sparkassen-Open B"]
[Site "Heusenstamm, Martinsee"]
[Date "2023.11.23"]
[Round "1.20"]
[White "Laznik, Zeljko"]
[Black "de la Chevallerie, Gilbert"]
[Result "0-1"]
[WhiteElo "1407"]
[BlackElo "1552"]
[PlyCount "60"]
[EventDate "2023.??.??"]
[WhiteTeam "SF Heusenstamm"]
[BlackTeam "SV 1920 Hofheim"]

1. e4 c6 2. Nc3 d5 3. exd5 cxd5 4. Bb5+ Nc6 5. d3 a6 6. Ba4 Nf6 7. h3 Bf5 8. Nf3 Qc7 9. Bg5 Rd8 10. Bxf6 gxf6 11. Nd4 Qe5+ 12. Nce2 Bd7 13. Nxc6 bxc6 14. d4 Qg5 15. Ng3 Bh6 16. O-O O-O 17. Qd3 f5 18. f4 Qh4 19. Nxf5 Bxf5 20. Qxf5 Kh8 21. Qg4 Qf6 22. c3 Rg8 23. Qf3 Qh4 24. Kh2 Rg6 25. Bc2 Rg7 26. Rae1 Rdg8 27. Re2 Rg3 28. Qf2 R8g4 29. f5 Bf4 30. Kg1 Qxh3 0-1

[Event "Sparkassen-Open B"]
[Site "Heusenstamm, Martinsee"]
[Date "2023.11.23"]
[Round "1.21"]
[White "Fuchs, Andreas"]
[Black "Moissl, Felix"]
[Result "1/2-1/2"]
[WhiteElo "1609"]
[BlackElo "1404"]
[PlyCount "44"]
[EventDate "2023.??.??"]
[WhiteTeam "SC Ober-Ramstadt"]
[BlackTeam "SJ Herborn 1998"]

1. d4 d5 2. c4 c6 3. Nc3 Nf6 4. Bg5 Bf5 5. Bxf6 exf6 6. cxd5 cxd5 7. Qb3 Bc8 8. Qxd5 Qxd5 9. Nxd5 Bd6 10. e4 O-O 11. Nf3 Re8 12. Bd3 Bf5 13. Rc1 Bxe4 14. Bxe4 Rxe4+ 15. Kd2 Nc6 16. Kd3 Ree8 17. Rhe1 Kf8 18. a3 Rad8 19. Ne3 Be5 20. d5 Ne7 21. Nxe5 fxe5 22. Rc7 Nxd5 1/2-1/2

[Event "Sparkassen-Open B"]
[Site "Heusenstamm, Martinsee"]
[Date "2023.11.23"]
[Round "1.22"]
[White "Weigand, Björn"]
[Black "Fettig, Michel"]
[Result "1-0"]
[WhiteElo "1389"]
[BlackElo "1469"]
[PlyCount "93"]
[EventDate "2023.??.??"]
[WhiteTeam "SV Frankfurt Nord 1926"]
[BlackTeam "SC ML Kastellaun"]

1. d4 e6 2. Nc3 d5 3. Bf4 Nf6 4. Nb5 Na6 5. e3 c6 6. Nc3 Nc7 7. Nf3 Bb4 8. Bd3 O-O 9. O-O Bd6 10. Ne5 g6 11. Bg5 Be7 12. Qf3 Nh5 13. Bh6 Ng7 14. Qg4 f5 15. Qh3 Bg5 16. f4 Bxh6 17. Qxh6 Qe7 18. Rf3 Nh5 19. Nxg6 hxg6 20. Qxg6+ Ng7 21. Rh3 Qf6 22. Qh7+ Kf7 23. Rh6 Qe7 24. Rf1 Ke8 25. Rf3 Kd7 26. Rg3 Rf7 27. Rhg6 Nce8 28. h4 b6 29. h5 Bb7 30. Be2 Nxh5 31. Qxh5 Rh7 32. Qg5 Qf8 33. Rh3 Rf7 34. Rg8 Qb4 35. Bh5 Re7 36. Bxe8+ Raxe8 37. Rxe8 Kxe8 38. Qg8+ Kd7 39. Rh8 c5 40. Qd8+ Kc6 41. Qxe7 Qxb2 42. Qxe6+ Kc7 43. Rh7+ Kb8 44. Qe8+ Bc8 45. Rh8 Qc1+ 46. Kh2 Qxe3 47. Qxc8# 1-0

[Event "Sparkassen-Open B"]
[Site "Heusenstamm, Martinsee"]
[Date "2023.11.23"]
[Round "1.23"]
[White "Köberl, Christiane"]
[Black "Tran, Duy-Khang"]
[Result "1-0"]
[WhiteElo "1496"]
[BlackElo "1381"]
[PlyCount "35"]
[EventDate "2023.??.??"]
[WhiteTeam "SC Sulzbach"]
[BlackTeam "TSV 1869 Rottendorf"]

1. d4 Nf6 2. Nf3 e6 3. e3 d5 4. Bd3 Bd6 5. b3 O-O 6. O-O h6 7. Bb2 c6 8. Nbd2 b6 9. Rc1 Ba6 10. c4 c5 11. Re1 Nbd7 12. e4 dxe4 13. Nxe4 Bb7 14. Ng3 Re8 15. Bb1 Nb8 16. Qd3 Bxf3 17. Qxf3 cxd4 18. Qxa8 1-0

[Event "Sparkassen-Open B"]
[Site "Heusenstamm, Martinsee"]
[Date "2023.11.23"]
[Round "1.24"]
[White "Hofmann, André"]
[Black "Gräßer, Malte"]
[Result "0-1"]
[WhiteElo "1380"]
[BlackElo "1462"]
[PlyCount "66"]
[EventDate "2023.??.??"]
[WhiteTeam "Düsseldorfer SV 1854"]
[BlackTeam "Sfr.Heidesheim"]

1. d4 e6 2. Bf4 d5 3. Nf3 c5 4. e3 Nc6 5. Bb5 a6 6. Bxc6+ bxc6 7. O-O Nf6 8. Nbd2 cxd4 9. exd4 Bd6 10. Ne5 Qc7 11. Re1 O-O 12. Bg5 Nd7 13. Ndf3 c5 14. Nxd7 Bxd7 15. c3 Rab8 16. b3 a5 17. dxc5 Bxc5 18. Qd2 Bd6 19. Rac1 Rfc8 20. Qe3 f6 21. Bh4 Bf4 22. Bg3 Bxe3 23. Bxc7 Bxf2+ 24. Kxf2 Rxc7 25. Nd4 e5 26. Nf3 Rbc8 27. Red1 Be6 28. Re1 Rxc3 29. Rxc3 Rxc3 30. Re2 d4 31. Nxd4 Bg4 32. Nb5 Rc5 33. Re4 Bf5 0-1

[Event "Sparkassen-Open B"]
[Site "Heusenstamm, Martinsee"]
[Date "2023.11.23"]
[Round "1.25"]
[White "Fritsch, Reinhold"]
[Black "Matsoukas, Konstantinos"]
[Result "1-0"]
[WhiteElo "1580"]
[BlackElo "1205"]
[PlyCount "51"]
[EventDate "2023.??.??"]
[WhiteTeam "SC Somborn 1933"]
[BlackTeam "SAbt TuS Makkabi Ffm"]

1. Nf3 Nf6 2. e3 e6 3. c4 Be7 4. b3 b6 5. Bb2 d5 6. Qc2 Nbd7 7. Nc3 Bb7 8. h3 Nc5 9. Rg1 Qd7 10. O-O-O Nce4 11. d3 Nxc3 12. Qxc3 a5 13. Ne5 Qd8 14. a3 Bd6 15. g4 h6 16. f4 Qe7 17. g5 hxg5 18. fxg5 Nh7 19. g6 f6 20. Nf7 Bh2 21. Rg2 d4 22. exd4 Bxg2 23. Bxg2 Rf8 24. Bxa8 Bf4+ 25. Kb1 Ng5 26. Bc6+ 1-0

[Event "Sparkassen-Open B"]
[Site "Heusenstamm, Martinsee"]
[Date "2023.11.23"]
[Round "1.26"]
[White "Englert, Ann"]
[Black "Ghaznavi, Massoud"]
[Result "0-1"]
[WhiteElo "1178"]
[BlackElo "1563"]
[PlyCount "108"]
[EventDate "2023.??.??"]
[WhiteTeam "TV-Großostheim 1900 e.V."]
[BlackTeam "SV Oberursel"]

1. d4 d5 2. c4 c6 3. cxd5 cxd5 4. Nc3 e6 5. Bf4 Bd6 6. Bxd6 Qxd6 7. e3 Nf6 8. Bd3 Bd7 9. Nf3 h6 10. Ne5 a6 11. f4 Nc6 12. O-O Ne7 13. a3 O-O 14. Rc1 Rac8 15. Qf3 Ne8 16. Qg3 f5 17. Rf3 Nf6 18. Qh4 Kh7 19. g4 Ne4 20. g5 Be8 21. gxh6 gxh6 22. Rh3 Ng8 23. Bxe4 dxe4 24. Kh1 Rf6 25. Rg1 Qf8 26. Rhg3 Ne7 27. R3g2 Rc7 28. Qg3 Ng6 29. Qh3 b5 30. Ne2 Nxe5 31. dxe5 Rg6 32. Rxg6 Bxg6 33. Nc3 Qf7 34. Rd1 Bh5 35. Rd6 Bf3+ 36. Kg1 Qg8+ 37. Kf1 Rg7 38. Rd2 Rg1+ 39. Kf2 Rg2+ 40. Ke1 Rxd2 41. Kxd2 Qd8+ 42. Kc1 Qd3 43. Qh4 Qxe3+ 44. Kb1 Qd3+ 45. Ka2 Qd7 46. Qf2 Qc6 47. Qa7+ Kg6 48. Qg1+ Kh5 49. Qe3 a5 50. Qd4 Kg4 51. Qe3 b4 52. axb4 axb4 53. Ne2 Qc4+ 54. Kb1 Qxe2 0-1